000 01045cam a22003011 4500
001 21094
003 BD-RjUL
005 20211209000640.0
008 140303s1948 mau 000 0 eng d
035 _a(BD-RjUL)21158
035 _a(OCoLC)5060750
040 _aDLC
_cIaDaMC
_dDLC
_dBD-RjUL
_beng
041 _aeng
080 _a808.8
082 0 0 _a824
_bBLR V-1 1948
100 1 _aBlodgett, Harold William,
_d1900-
_965194
245 1 0 _aReadings for our times /
_cby Harold Blodgett and Burges Johnson.
_nVolume 1 :
_bEssential Values People Present Issues Language and Literature Essays
250 _a2nd Ed
260 _aBoston :
_bGinn,
_c1948
300 _ax,646p. ;
_c24 cm.
504 _aIncludes Index
505 0 _av. 1. Essential values. People. Present issues. Language and literature. Essays.--v. 2. Novelettes. Short stories. Poetry. Drama.
650 0 _aLiterature
_xCollections.
_965195
700 1 _aJohnson, Burges,
_d1877-1963,
_ejoint ed.
_965196
942 _2ddc
_cBK
999 _c21094
_d21094